书目信息 |
| 题名: |
孕期40周音乐伴侣
|
|
| 作者: | 邰方 , 蔡安安 编著 | |
| 分册: | ||
| 出版信息: | 上海 上海音乐出版社 2018.11 |
|
| 页数: | 200页 | |
| 开本: | 23×25cm | |
| 丛书名: | ||
| 单 册: | ||
| 中图分类: | G610.8 | |
| 科图分类: | ||
| 主题词: | 胎教--音乐 | |
| 电子资源: | ||
| ISBN: | 978-7-5523-1277-5 | |
| 000 | 00906nam0 2200253 450 | |
| 001 | 0103152709 | |
| 005 | 20201103152734.0 | |
| 010 | @a978-7-5523-1277-5@dCNY78.00 | |
| 100 | @a20190226d2018 em y0chiy50 ea | |
| 101 | 0 | @achi |
| 102 | @aCN@b310000 | |
| 105 | @aa z 000yy | |
| 106 | @ar | |
| 200 | 1 | @a孕期40周音乐伴侣@Ayun qi 40 zhou yin yue ban lv@f邰方, 蔡安安编著 |
| 210 | @a上海@c上海音乐出版社@d2018.11 | |
| 215 | @a200页@c彩图@d23×25cm | |
| 306 | @a题名页出版社题:上海音乐出版社,上海文艺音像电子出版社 | |
| 330 | @a本书为身处不同孕期的孕妇提供了大量适合聆听的胎教音乐,并使用科学有效的方法进行了指导,帮助孕妇轻松而愉快地度过整个孕期,提供了能够促进胎儿宝宝在母体中健康生长发育的有效途径。 | |
| 606 | 0 | @a胎教@x音乐 |
| 690 | @aG610.8@v5 | |
| 701 | 0 | @a邰方@Atai fang@4编著 |
| 701 | 0 | @a蔡安安@Acai an an@4编著 |
| 801 | 0 | @aCN@bBJSZM@c20201103 |
| 905 | @b1258886-90@dG610.8@e1163@f5 | |
| 孕期40周音乐伴侣/邰方, 蔡安安编著.-上海:上海音乐出版社,2018.11 |
| 200页:彩图;23×25cm |
| ISBN 978-7-5523-1277-5:CNY78.00 |
| 本书为身处不同孕期的孕妇提供了大量适合聆听的胎教音乐,并使用科学有效的方法进行了指导,帮助孕妇轻松而愉快地度过整个孕期,提供了能够促进胎儿宝宝在母体中健康生长发育的有效途径。 |
| ● |
| 相关链接 |
|
|
|
|
正题名:孕期40周音乐伴侣
索取号:G610.8/1163
 
预约/预借
| 序号 | 登录号 | 条形码 | 馆藏地/架位号 | 状态 | 备注 |
| 1 | 1258886 | 212588868 | 第一样本阅览室/ [索取号:G610.8/1163] | 在馆 | |
| 2 | 1258887 | 212588877 | 教育系资料室/ [索取号:G610.8/1163] | 在馆 | |
| 3 | 1258888 | 212588886 | 教育系资料室/ [索取号:G610.8/1163] | 在馆 | |
| 4 | 1258889 | 212588895 | 第四借阅区/ [索取号:G610.8/1163] | 在馆 | |
| 5 | 1258890 | 212588902 | 第四借阅区/ [索取号:G610.8/1163] | 在馆 |